[Event "Mistrovstvi CR senioru nad 70 a 80 let"]
[Site "?"]
[Date "2017.08.21"]
[Round "3"]
[White "Vitek, Vaclav"]
[Black "Pavlu, Jiri"]
[Result "1-0"]
[WhiteElo "1995"]
[BlackElo "1822"]
[PlyCount "85"]
[EventDate "2017.08.19"]

1. e4 e6 2. d4 d5 3. Nc3 dxe4 4. Nxe4 Nf6 5. Bg5 Be7 6. Bxf6 Bxf6 7. Nf3 O-O 8.
c3 b6 9. Bd3 Bb7 10. Qc2 h6 11. h4 Nd7 12. O-O-O Qc8 13. Rh3 c5 14. Nd6 Qc7 15.
Nxb7 Qxb7 16. Bh7+ Kh8 17. Be4 Qc7 18. Bxa8 Rxa8 19. Qe4 Re8 20. d5 Qb7 21. Ng5
Nf8 22. Kb1 Kg8 23. dxe6 Qxe4+ 24. Nxe4 Rxe6 25. f3 Be7 26. Rd5 Ng6 27. g3 Ne5
28. Nd2 Kf8 29. Rh1 Ke8 30. Re1 Nc4 31. Rxe6 fxe6 32. Rd3 Nxd2+ 33. Rxd2 Bd8
34. h5 Bc7 35. f4 Ke7 36. c4 a6 37. a4 a5 38. Kc2 Bd6 39. Kd3 Bc7 40. Ke4 Bb8
41. g4 Bc7 42. g5 hxg5 43. fxg5 1-0

[Event "Mistrovstvi CR senioru nad 70 a 80 let"]
[Site "?"]
[Date "2017.08.21"]
[Round "3"]
[White "Truksa, Vaclav"]
[Black "Chmelik, Jiri"]
[Result "0-1"]
[WhiteElo "1864"]
[BlackElo "1994"]
[PlyCount "132"]
[EventDate "2017.08.19"]

1. d4 Nf6 2. Nf3 e6 3. e3 c5 4. Bd3 cxd4 5. exd4 b6 6. O-O Be7 7. Bg5 O-O 8.
Nbd2 Bb7 9. c4 d5 10. Rc1 Nbd7 11. Re1 Rc8 12. Qe2 Re8 13. Bb1 Nf8 14. Ne5 dxc4
15. Ndf3 b5 16. a3 Qd5 17. h3 a6 18. Qd1 Qd8 19. Bxf6 Bxf6 20. Be4 Bxe4 21.
Rxe4 Qd5 22. Qe1 Bd8 23. Re2 Bb6 24. Qc3 Red8 25. Rd1 f6 26. Ng4 Qb7 27. Qe1
Rd6 28. h4 Rcd8 29. h5 f5 30. Nge5 Bxd4 31. Nxd4 Rxd4 32. Rxd4 Rxd4 33. Nf3 Rd6
34. h6 Qd7 35. Qc3 Rd1+ 36. Ne1 gxh6 37. Qg3+ Ng6 38. Qf3 e5 39. Qa8+ Kg7 40.
Qxa6 e4 41. Qb6 Nf4 42. Re3 Rd6 43. Qb8 Nd3 44. Rg3+ Rg6 45. Rxg6+ hxg6 46. Nc2
Kf7 47. Qh8 Qd6 48. Qh7+ Kf6 49. Qxh6 Qf4 50. Qf8+ Kg5 51. Qe7+ Kh6 52. Qf8+
Kh5 53. Qh8+ Qh6 54. Qc3 Qc1+ 55. Kh2 Qf4+ 56. Kg1 Qxf2+ 57. Kh2 Qf4+ 58. Kg1
Ne5 59. Ne3 Nd3 60. Nc2 Qc1+ 61. Kh2 Qxb2 62. Qd2 Qe5+ 63. Kg1 f4 64. Qe2+ Kg5
65. Nb4 Qd4+ 66. Kh2 Ne5 0-1

[Event "Mistrovstvi CR senioru nad 70 a 80 let"]
[Site "?"]
[Date "2017.08.21"]
[Round "3"]
[White "Jacek, Miloslav"]
[Black "Bainhofner, Jiri"]
[Result "0-1"]
[WhiteElo "1980"]
[BlackElo "1748"]
[PlyCount "130"]
[EventDate "2017.08.19"]

1. e4 e5 2. Nf3 Nc6 3. d4 exd4 4. Nxd4 Bc5 5. Nxc6 Qf6 6. Qd2 Qxc6 7. Nc3 Bb4
8. Bd3 Nf6 9. O-O O-O 10. Re1 Re8 11. f3 Bxc3 12. bxc3 Qe6 13. Qf2 d6 14. Be3
b6 15. Bd4 Nd7 16. Bb5 a6 17. Bc6 Rb8 18. Qg3 Qg6 19. Qh4 f6 20. f4 Re7 21. e5
Bb7 22. Bxb7 Rxb7 23. exd6 Rxe1+ 24. Rxe1 cxd6 25. Re7 Nc5 26. Rxb7 Nxb7 27.
Bxb6 Qxc2 28. Qe1 Kf7 29. Bd4 Qxa2 30. Qe4 Qa1+ 31. Kf2 Qb2+ 32. Kg3 h6 33.
Qd5+ Kf8 34. Qe6 Qb5 35. Qc8+ Kf7 36. Qc7+ Kg6 37. Qe7 Qb1 38. Qe8+ Kh7 39. Qf7
Qg6+ 40. Qxg6+ Kxg6 41. Kf3 d5 42. g4 a5 43. Be3 f5 44. h3 fxg4+ 45. hxg4 Kf6
46. Ke2 a4 47. Bc1 Nc5 48. Bb2 Ke6 49. c4 g6 50. cxd5+ Kxd5 51. f5 gxf5 52.
gxf5 h5 53. Kf3 Nd3 54. f6 Ke6 55. Ba1 a3 56. Kg3 Nb2 57. Kh4 Kxf6 58. Kxh5 Kf5
59. Kh4 Kf4 60. Kh3 Kf3 61. Kh2 Kf2 62. Kh3 Ke2 63. Kg2 Kd2 64. Kf2 Kc2 65. Ke2
Kb1 0-1

[Event "Mistrovstvi CR senioru nad 70 a 80 let"]
[Site "?"]
[Date "2017.08.21"]
[Round "3"]
[White "Vlachopulos, Elefteris"]
[Black "Fiser, Jiri"]
[Result "0-1"]
[WhiteElo "1751"]
[BlackElo "1901"]
[Annotator "Martaska"]
[PlyCount "91"]
[EventDate "2017.08.19"]

1. d4 f5 2. g3 Nf6 3. Bg2 d5 4. c4 e6 5. cxd5 exd5 6. Qb3 c6 7. Nc3 Bd6 8. a4
O-O 9. a5 Qe7 10. e3 Na6 11. Nge2 Be6 12. O-O Kh8 13. Rd1 Bf7 14. Bd2 g5 15.
Be1 Bg6 16. Rdc1 Rf7 17. Ra4 Raf8 18. Na2 Bh5 19. Nec3 f4 20. Nd1 Re8 21. Nb4
Nxb4 22. Bxb4 Bxd1 23. Rxd1 Bxb4 24. Rxb4 fxe3 25. fxe3 Qxe3+ 26. Qxe3 Rxe3 27.
a6 bxa6 28. Ra4 Rb3 29. Rxa6 Rb6 30. Rda1 Rxa6 31. Rxa6 Rc7 32. b4 Kg7 33. h3
Kf7 34. Kf2 Ke7 35. Ke3 Ne8 36. Bf1 Nd6 37. Bd3 h6 38. g4 Kd7 39. Kd2 Nc8 40.
b5 Nb6 41. Ra1 cxb5 42. Bxb5+ Kd6 43. Rf1 Nc4+ 44. Bxc4 dxc4 45. Kc3 Rc6 46.
Rf5 {dale nesrozumitelny zapis} 0-1

[Event "Mistrovstvi CR senioru nad 70 a 80 let"]
[Site "?"]
[Date "2017.08.21"]
[Round "3"]
[White "Vesely, Emanuel"]
[Black "Just, Pavel"]
[Result "1/2-1/2"]
[WhiteElo "1745"]
[BlackElo "1994"]
[PlyCount "81"]
[EventDate "2017.08.19"]

1. e4 d5 2. exd5 Qxd5 3. Nc3 Qa5 4. d4 Nf6 5. Nf3 Bg4 6. Be2 Nc6 7. O-O O-O-O
8. Ng5 Rxd4 9. Bxg4+ Nxg4 10. Qf3 Nce5 11. Qg3 Nh6 12. Be3 Rg4 13. Qh3 e6 14.
Nge4 Rg6 15. Nd2 Nf5 16. Bf4 Bd6 17. Nce4 Nd4 18. Nxd6+ cxd6 19. Bxe5 Qxe5 20.
Nf3 Qf5 21. Qxf5 Nxf5 22. Rad1 e5 23. g3 h6 24. Rd2 Re6 25. Rfd1 Kd7 26. Kf1
Rc8 27. h3 Rc6 28. c3 Re8 29. g4 e4 30. Rd5 Ng3+ 31. Kg2 exf3+ 32. Kxg3 Re2 33.
R5d2 Ra6 34. b3 Rc6 35. c4 Re6 36. Kxf3 b6 37. Rd5 Ke7 38. R1d2 g6 39. Kg3 Re1
40. Kf3 Ke6 41. Re2+ 1/2-1/2

[Event "Mistrovstvi CR senioru nad 70 a 80 let"]
[Site "?"]
[Date "2017.08.21"]
[Round "3"]
[White "Laszkiewicz, Jerzy"]
[Black "Haderka, Karel"]
[Result "1/2-1/2"]
[WhiteElo "1885"]
[BlackElo "1787"]
[PlyCount "42"]
[EventDate "2017.08.19"]

1. e4 e6 2. d4 d5 3. e5 c5 4. c3 cxd4 5. cxd4 Bb4+ 6. Nc3 Ne7 7. Bd3 Nbc6 8.
Nf3 Nf5 9. Bxf5 exf5 10. O-O Bxc3 11. bxc3 O-O 12. Re1 Be6 13. Qa4 Na5 14. Ba3
Re8 15. Nd2 Rc8 16. Bb4 Nc6 17. Rec1 Qd7 18. Qb3 Nxb4 19. cxb4 Qb5 20. a4 Qe2
21. Qe3 Qg4 1/2-1/2

[Event "Mistrovstvi CR senioru nad 70 a 80 let"]
[Site "?"]
[Date "2017.08.22"]
[Round "4"]
[White "Slizek, Josef"]
[Black "Skokan, Zdenek"]
[Result "1/2-1/2"]
[WhiteElo "1926"]
[BlackElo "1936"]
[PlyCount "78"]
[EventDate "2017.08.19"]

1. e4 e5 2. Nf3 Nc6 3. Bb5 a6 4. Ba4 Nf6 5. Qe2 b5 6. Bb3 Be7 7. c3 Bb7 8. d3
O-O 9. O-O d6 10. h3 Na5 11. Bc2 c5 12. Rd1 Qc7 13. Nbd2 Nc6 14. Nf1 Rfd8 15.
Ng3 g6 16. Bb3 Na5 17. Bc2 Rac8 18. Nf1 Nh5 19. g3 Bf6 20. Bg5 Bxg5 21. Nxg5
Qe7 22. Nf3 Re8 23. Nh4 Qg5 24. Ng2 d5 25. b3 Rcd8 26. h4 Qh6 27. f3 b4 28. Qe1
dxe4 29. dxe4 Nc6 30. Nge3 bxc3 31. Ng4 Qf8 32. Rxd8 Rxd8 33. Qxc3 Nd4 34. Bd1
Qd6 35. Rc1 Rc8 36. Nge3 Qf6 37. Ng4 Qe7 38. Qe3 f6 39. Qc3 Kg7 1/2-1/2

[Event "Mistrovstvi CR senioru nad 70 a 80 let"]
[Site "?"]
[Date "2017.08.22"]
[Round "4"]
[White "Labik, Jaroslav"]
[Black "Zikmund, Jaroslav"]
[Result "1/2-1/2"]
[WhiteElo "1657"]
[BlackElo "1807"]
[PlyCount "40"]
[EventDate "2017.08.19"]

1. c4 Nf6 2. Nf3 e6 3. Nc3 d5 4. cxd5 exd5 5. d4 Be7 6. Bg5 h6 7. Bxf6 Bxf6 8.
e3 O-O 9. Bd3 Be6 10. O-O Nc6 11. a3 Ne7 12. Rc1 Rc8 13. Na4 Bf5 14. Bxf5 Nxf5
15. b4 Nd6 16. Qb3 c6 17. Rc2 a5 18. Rfc1 b5 19. Nc5 a4 20. Qd3 Nc4 1/2-1/2

[Event "Mistrovstvi CR senioru nad 70 a 80 let"]
[Site "?"]
[Date "2017.08.22"]
[Round "4"]
[White "Most, Zdenek"]
[Black "Jedlicka, Eduard"]
[Result "1-0"]
[WhiteElo "2015"]
[BlackElo "1634"]
[PlyCount "89"]
[EventDate "2017.08.19"]

1. d4 d5 2. Nf3 Nc6 3. g3 g6 4. Bg2 Bg7 5. O-O Nf6 6. Nbd2 Ne4 7. c3 e6 8. Nxe4
dxe4 9. Nd2 f5 10. f3 exf3 11. Nxf3 Ne7 12. e4 c6 13. Qb3 Qb6 14. Qc4 fxe4 15.
Ng5 Nd5 16. Nxe4 Qc7 17. Ng5 Rf8 18. Re1 Qd6 19. Nxh7 Rf7 20. Ng5 Re7 21. Ne4
Qc7 22. Bg5 Rf7 23. Nc5 Qd6 24. Bxd5 cxd5 25. Qb5+ Bd7 26. Nxd7 Rxd7 27. Re3 e5
28. dxe5 Qe6 29. Rae1 a6 30. Qa4 Rc8 31. b3 Rc6 32. Qh4 Rdc7 33. Bd8 Rd7 34.
Ba5 b6 35. Bb4 Rf7 36. R3e2 Kd7 37. c4 Kc8 38. cxd5 Qxd5 39. Qe4 Qe6 40. Bd6
Kb7 41. Rc2 Qe8 42. Rec1 Ka7 43. Rxc6 Rb7 44. Rc7 Qa8 45. Rc8 1-0

[Event "Mistrovstvi CR senioru nad 70 a 80 let"]
[Site "?"]
[Date "2017.08.22"]
[Round "4"]
[White "Fiser, Jiri"]
[Black "Mesiarik, Rudolf"]
[Result "1-0"]
[WhiteElo "1901"]
[BlackElo "2068"]
[PlyCount "63"]
[EventDate "2017.08.19"]

1. e4 c5 2. Nf3 Nc6 3. Bb5 Qb6 4. a4 a6 5. Bd3 Nb4 6. Bc4 e6 7. Nc3 Nc6 8. O-O
d6 9. Re1 Be7 10. d3 Nf6 11. h3 O-O 12. Rb1 Bd7 13. Be3 Nd4 14. b4 Nxf3+ 15.
Qxf3 Qc7 16. bxc5 dxc5 17. Bf4 Qc8 18. e5 Bc6 19. exf6 Bxf3 20. fxe7 Bc6 21.
exf8=Q+ Qxf8 22. a5 Qd8 23. Rb6 Qf6 24. Bd2 Rc8 25. Ne4 Qe7 26. Bc3 h6 27. Re3
Rc7 28. Rg3 e5 29. f4 exf4 30. Rxg7+ Kf8 31. Rxf7+ Qxf7 32. Bxf7 1-0

[Event "Mistrovstvi CR senioru nad 70 a 80 let"]
[Site "?"]
[Date "2017.08.22"]
[Round "4"]
[White "Volf, Jaroslav"]
[Black "Glembek, Bohumir"]
[Result "1/2-1/2"]
[WhiteElo "2029"]
[BlackElo "1792"]
[PlyCount "46"]
[EventDate "2017.08.19"]

1. e4 Nf6 2. e5 Nd5 3. d4 d6 4. exd6 exd6 5. Nf3 Bg4 6. Be2 Be7 7. O-O O-O 8.
h3 Bh5 9. c3 Nc6 10. Qb3 Nb6 11. Be3 Re8 12. Re1 d5 13. Nbd2 Na5 14. Qc2 Nac4
15. Bd3 Bg6 16. Bxg6 fxg6 17. b3 Nxe3 18. Rxe3 Bd6 19. Qd3 Bf4 20. Rxe8+ Qxe8
21. Re1 Qf7 22. Ne5 Bxe5 23. Rxe5 Nd7 1/2-1/2

[Event "Mistrovstvi CR senioru nad 70 a 80 let"]
[Site "?"]
[Date "2017.08.22"]
[Round "4"]
[White "Pojedziniec, Wladyslaw"]
[Black "Vitek, Vaclav"]
[Result "1/2-1/2"]
[WhiteElo "1961"]
[BlackElo "1995"]
[PlyCount "86"]
[EventDate "2017.08.19"]

1. d4 d5 2. Nf3 Bf5 3. c4 e6 4. Nc3 c6 5. a3 h6 6. cxd5 exd5 7. Bf4 Nf6 8. e3
Nbd7 9. Ne5 Be7 10. Bd3 Be6 11. O-O g5 12. Bg3 h5 13. Nxd7 Nxd7 14. f4 Bg4 15.
Qd2 h4 16. Bf2 gxf4 17. exf4 h3 18. g3 f5 19. Rfe1 Nf6 20. Be2 Bxe2 21. Qxe2
Ne4 22. Qc2 Qd7 23. Na4 b6 24. b4 Kf7 25. Nb2 Bf6 26. Rac1 Rac8 27. Nd3 Rh6 28.
Rf1 Kg8 29. Ne1 Nd6 30. Nf3 Nc4 31. Qd3 Re8 32. Ne5 Nxe5 33. fxe5 Bd8 34. Be3
Rh5 35. Rf3 Bg5 36. Rcf1 Bxe3+ 37. Qxe3 c5 38. bxc5 bxc5 39. Qd3 Rf8 40. Kh1
cxd4 41. Qxd4 Re8 42. Qd1 Rh6 43. Kg1 Ra6 {dále neèitelný zápis} 1/2-1/2

[Event "Mistrovstvi CR senioru nad 70 a 80 let"]
[Site "?"]
[Date "2017.08.22"]
[Round "4"]
[White "Chmelik, Jiri"]
[Black "Bakalar, Jan"]
[Result "1/2-1/2"]
[WhiteElo "1994"]
[BlackElo "1946"]
[PlyCount "42"]
[EventDate "2017.08.19"]

1. d4 c5 2. d5 e5 3. e4 d6 4. Nc3 Ne7 5. Bb5+ Nd7 6. a4 a6 7. Be2 Ng6 8. Nf3
Be7 9. O-O h6 10. Nd2 Bg5 11. Nc4 Qe7 12. Be3 Bxe3 13. Nxe3 Nf6 14. Nc4 O-O 15.
Nb6 Rb8 16. Nxc8 Rfxc8 17. Re1 Nf4 18. Bf1 g5 19. g3 Ng6 20. Bh3 Rc7 21. Bf5 b5
1/2-1/2

[Event "Mistrovstvi CR senioru nad 70 a 80 let"]
[Site "?"]
[Date "2017.08.22"]
[Round "4"]
[White "Bainhofner, Jiri"]
[Black "Trojan, Lubos"]
[Result "1-0"]
[WhiteElo "1748"]
[BlackElo "1989"]
[PlyCount "87"]
[EventDate "2017.08.19"]

1. e4 e6 2. d4 b6 3. c4 Bb7 4. Nc3 d6 5. Bd3 Nd7 6. Nge2 c5 7. O-O Ne7 8. d5 e5
9. f4 exf4 10. Bxf4 Ng6 11. Bg3 Be7 12. Nf4 Nde5 13. Nce2 Qd7 14. Nxg6 Nxg6 15.
Nf4 Bf6 16. Rb1 Bd4+ 17. Kh1 Ne5 18. Be2 O-O-O 19. Nh5 f5 20. Bxe5 Bxe5 21.
Rxf5 Qe7 22. Ng3 g6 23. Rf1 h5 24. Bf3 Rdf8 25. Ne2 g5 26. g3 g4 27. Bg2 h4 28.
Rxf8+ Rxf8 29. Nf4 hxg3 30. Qxg4+ Kb8 31. Ng6 Qh7 32. h4 Rg8 33. h5 Bc8 34. Qg5
Bd4 35. Bf3 Be5 36. Kg2 Qd7 37. Rh1 Qa4 38. Qd2 Qxc4 39. Nxe5 dxe5 40. b3 Qb5
41. h6 Qe8 42. h7 Rf8 43. Qg5 Ka8 44. Qxg3 1-0

[Event "Mistrovstvi CR senioru nad 70 a 80 let"]
[Site "?"]
[Date "2017.08.22"]
[Round "4"]
[White "Folta, Jaroslav"]
[Black "Laska, Zdenek"]
[Result "1-0"]
[WhiteElo "1794"]
[BlackElo "1856"]
[PlyCount "87"]
[EventDate "2017.08.19"]

1. d4 Nf6 2. Bf4 g6 3. Nf3 Bg7 4. e3 d5 5. h3 c5 6. c3 Qb6 7. Qb3 c4 8. Qa3 Nc6
9. Nbd2 Qa5 10. Qxa5 Nxa5 11. Be2 O-O 12. O-O Bd7 13. Ne5 Rfc8 14. Bf3 Bc6 15.
Rfc1 e6 16. b4 cxb3 17. axb3 b6 18. b4 Nb7 19. c4 Be8 20. c5 Nd8 21. Be2 bxc5
22. bxc5 Nc6 23. Ba6 Rd8 24. Bb7 Nxe5 25. Bxe5 Ne4 26. Nxe4 Bxe5 27. Bxa8 Rxa8
28. dxe5 dxe4 29. c6 Rc8 30. Rxa7 Rxc6 31. Rxc6 Bxc6 32. Kh2 Kg7 33. Kg3 h6 34.
h4 Bb5 35. Kf4 Bc6 36. g4 Bd5 37. g5 h5 38. Kg3 Bc6 39. Kg2 Bd5 40. Kf1 Bc4+
41. Ke1 Bb5 42. Kd2 Bf1 43. Kc3 Bh3 44. Kd4 1-0

[Event "Mistrovstvi CR senioru nad 70 a 80 let"]
[Site "?"]
[Date "2017.08.22"]
[Round "4"]
[White "Vlasak, Ladislav"]
[Black "Klimes, Jiri"]
[Result "0-1"]
[WhiteElo "1759"]
[BlackElo "1834"]
[PlyCount "126"]
[EventDate "2017.08.19"]

1. e4 e5 2. Nf3 Nc6 3. Bc4 Bc5 4. c3 Nge7 5. d4 exd4 6. cxd4 Bb4+ 7. Bd2 Bxd2+
8. Nbxd2 O-O 9. d5 Na5 10. Bd3 b6 11. b4 Nb7 12. O-O d6 13. h3 c5 14. dxc6 Nxc6
15. Qb3 Ne5 16. Nxe5 dxe5 17. Nf3 Be6 18. Qa3 Qf6 19. Bb5 a5 20. Qc3 axb4 21.
Qxe5 Qxe5 22. Nxe5 Rxa2 23. Bc4 Rxa1 24. Rxa1 Bxc4 25. Nxc4 b5 26. Nd2 Rd8 27.
Nb3 Kf8 28. Kf1 Rd3 29. Ra8+ Ke7 30. Ra7 Rd7 31. Ke2 Nd6 32. Rxd7+ Kxd7 33. Kd3
Kc7 34. f4 Kb6 35. Kd4 Nc4 36. e5 Na5 37. Nd2 Kc6 38. f5 b3 39. g4 b2 40. Kc3
Nc4 41. Nb1 Nxe5 42. Kxb2 Nd3+ 43. Kc3 Nf2 44. Kb4 Nxh3 45. Nc3 Kd6 46. Nxb5+
Ke5 47. Nc7 Nf2 48. Ne8 Nxg4 49. Nxg7 Ne3 50. Kc3 Nxf5 51. Nh5 Nh4 52. Kd3 f5
53. Ke3 h6 54. Kf2 f4 55. Nxf4 Kxf4 56. Kg1 Kg3 57. Kh1 Nf5 58. Kg1 Nd6 59. Kh1
Nf5 60. Kg1 Nd6 61. Kh1 Ne4 62. Kg1 Nf2 63. Kf1 h5 0-1

[Event "Mistrovstvi CR senioru nad 70 a 80 let"]
[Site "?"]
[Date "2017.08.22"]
[Round "4"]
[White "Just, Pavel"]
[Black "Biza, Miroslav"]
[Result "1/2-1/2"]
[WhiteElo "1994"]
[BlackElo "1718"]
[PlyCount "61"]
[EventDate "2017.08.19"]

1. e4 b6 2. c4 Bb7 3. Nc3 e6 4. d4 Nf6 5. e5 Ne4 6. f3 Qh4+ 7. Ke2 Ng3+ 8. hxg3
Qxh1 9. Kf2 Qh5 10. Nh3 f6 11. Nf4 Qf7 12. Bd3 fxe5 13. Nh3 h6 14. Qc2 Qf6 15.
Bg6+ Kd8 16. dxe5 Bc5+ 17. Kf1 Qxe5 18. Bf4 Qf6 19. Be4 Kc8 20. Re1 Nc6 21.
Bxc6 Bxc6 22. Be5 Qf7 23. Ne4 Be7 24. Nhf2 Kb7 25. a3 a5 26. c5 b5 27. Qc3 Rhg8
28. Kg1 Bd5 29. Rd1 a4 30. Rc1 g5 31. Qb4 1/2-1/2

[Event "Mistrovstvi CR senioru nad 70 a 80 let"]
[Site "?"]
[Date "2017.08.22"]
[Round "4"]
[White "Tolar, Jan"]
[Black "Jacek, Miloslav"]
[Result "0-1"]
[WhiteElo "1805"]
[BlackElo "1980"]
[PlyCount "74"]
[EventDate "2017.08.19"]

1. f4 c5 2. Nf3 d5 3. e3 Nf6 4. d4 e6 5. c4 Nc6 6. Nc3 cxd4 7. exd4 Be7 8. Ne5
O-O 9. Be3 dxc4 10. Nxc6 bxc6 11. Bxc4 Nd5 12. Bd2 Nb6 13. Qe2 Qxd4 14. Bd3 Rd8
15. Be4 Ba6 16. Qe3 Qxe3+ 17. Bxe3 Nc4 18. Kf2 Nxe3 19. Kxe3 Bc5+ 20. Kf3 f5
21. Bc2 Rd2 22. Rac1 Rad8 23. Rhd1 Bb4 24. Rxd2 Rxd2 25. Nb1 Rd6 26. Rd1 Rxd1
27. Bxd1 Bc4 28. a3 Bd5+ 29. Kg3 Be1+ 30. Kh3 h6 31. Nc3 Bc4 32. Bf3 g5 33.
fxg5 hxg5 34. g4 Bf1+ 35. Bg2 fxg4+ 36. Kxg4 Bxg2 37. Kxg5 Bxc3 0-1

[Event "Mistrovstvi CR senioru nad 70 a 80 let"]
[Site "?"]
[Date "2017.08.23"]
[Round "5"]
[White "Slizek, Josef"]
[Black "Leiner, Raimund"]
[Result "1/2-1/2"]
[WhiteElo "1926"]
[BlackElo "1981"]
[PlyCount "25"]
[EventDate "2017.08.19"]

1. e4 c5 2. f4 Nf6 3. Nc3 e6 4. Nf3 d5 5. e5 Nfd7 6. d3 a6 7. a4 Nc6 8. Ne2 Nb6
9. c3 c4 10. dxc4 Nxc4 11. b3 Nb6 12. Be3 Nd7 13. Ned4 1/2-1/2

[Event "Mistrovstvi CR senioru nad 70 a 80 let"]
[Site "?"]
[Date "2017.08.23"]
[Round "5"]
[White "Zikmund, Jaroslav"]
[Black "Most, Zdenek"]
[Result "0-1"]
[WhiteElo "1807"]
[BlackElo "2015"]
[PlyCount "54"]
[EventDate "2017.08.19"]

1. d4 Nf6 2. c4 g6 3. Nf3 Bg7 4. Nc3 d5 5. e3 O-O 6. Bd3 c5 7. O-O cxd4 8. Nxd4
e5 9. Nb3 Nc6 10. cxd5 Nxd5 11. Nxd5 Qxd5 12. e4 Qd6 13. Bc4 Qe7 14. Be3 Rd8
15. Bd5 Be6 16. Qf3 Bxd5 17. exd5 e4 18. Qe2 Rxd5 19. Rfd1 Rxd1+ 20. Rxd1 Rd8
21. Bc5 Rxd1+ 22. Qxd1 Qe8 23. Qe2 b6 24. Ba3 Qe6 25. Nd2 f5 26. Qc4 Qxc4 27.
Nxc4 b5 0-1

[Event "Mistrovstvi CR senioru nad 70 a 80 let"]
[Site "?"]
[Date "2017.08.23"]
[Round "5"]
[White "Skokan, Zdenek"]
[Black "Labik, Jaroslav"]
[Result "1-0"]
[WhiteElo "1936"]
[BlackElo "1657"]
[PlyCount "29"]
[EventDate "2017.08.19"]

1. e4 c5 2. Nf3 d6 3. d4 cxd4 4. Nxd4 Nf6 5. Nc3 a6 6. g3 e6 7. Bg2 Be7 8. O-O
O-O 9. h3 Nbd7 10. Be3 Qc7 11. f4 Nb6 12. Bf2 Bd7 13. Re1 e5 14. Nf5 Bc6 15.
Nxe7+ 1-0

[Event "Mistrovstvi CR senioru nad 70 a 80 let"]
[Site "?"]
[Date "2017.08.23"]
[Round "5"]
[White "Bainhofner, Jiri"]
[Black "Fiser, Jiri"]
[Result "0-1"]
[WhiteElo "1748"]
[BlackElo "1901"]
[PlyCount "78"]
[EventDate "2017.08.19"]

1. e4 c5 2. Nc3 a6 3. Bc4 e6 4. a3 b5 5. Ba2 Bb7 6. d3 Be7 7. Nf3 d5 8. O-O Nf6
9. e5 Nfd7 10. Ne2 Nc6 11. Bf4 g5 12. Bg3 g4 13. Nd2 Ncxe5 14. d4 Nc6 15. c3
Nf6 16. Bb1 h5 17. f3 Qb6 18. Bf2 O-O-O 19. b4 c4 20. Bh4 Qc7 21. g3 Ng8 22.
Bxe7 Qxe7 23. Kg2 f5 24. f4 Nf6 25. a4 Rh6 26. axb5 axb5 27. Rh1 Rdh8 28. Qg1
h4 29. Bc2 Qd6 30. Qe3 Kd7 31. Nf1 R8h7 32. gxh4 Rxh4 33. Neg3 Rh3 34. Re1 Ne4
35. Bxe4 dxe4 36. Qg1 Ne7 37. Ne3 Qxf4 38. Rf1 Qd6 39. Rf2 f4 0-1

[Event "Mistrovstvi CR senioru nad 70 a 80 let"]
[Site "?"]
[Date "2017.08.23"]
[Round "5"]
[White "Klimes, Jiri"]
[Black "Volf, Jaroslav"]
[Result "1/2-1/2"]
[WhiteElo "1834"]
[BlackElo "2029"]
[PlyCount "86"]
[EventDate "2017.08.19"]

1. e4 c5 2. Nf3 Nf6 3. Nc3 Nc6 4. d4 d5 5. exd5 Nxd5 6. Nxd5 Qxd5 7. Be3 cxd4
8. Nxd4 a6 9. c4 Qa5+ 10. Qd2 Qxd2+ 11. Kxd2 Bd7 12. Rd1 e5 13. Nxc6 Bxc6 14.
Kc1 Be7 15. Rg1 O-O 16. Bb6 Bd8 17. Bxd8 Rfxd8 18. Rxd8+ Rxd8 19. Be2 f5 20. g3
Kf7 21. Rd1 Rxd1+ 22. Kxd1 e4 23. Kd2 Kf6 24. Ke3 Ke5 25. h4 a5 26. h5 b6 27.
b3 g5 28. hxg6 hxg6 29. f3 exf3 30. Bxf3 Be8 31. a3 g5 32. b4 f4+ 33. gxf4+
gxf4+ 34. Kd3 Bg6+ 35. Kc3 Be4 36. Be2 axb4+ 37. axb4 Bc6 38. c5 b5 39. Bf1 Ke4
40. Bg2+ f3 41. Bf1 Ke3 42. Bh3 Bd5 43. Bd7 Bc4 1/2-1/2

[Event "Mistrovstvi CR senioru nad 70 a 80 let"]
[Site "?"]
[Date "2017.08.23"]
[Round "5"]
[White "Vitek, Vaclav"]
[Black "Folta, Jaroslav"]
[Result "1/2-1/2"]
[WhiteElo "1995"]
[BlackElo "1794"]
[PlyCount "28"]
[EventDate "2017.08.19"]

1. e4 c6 2. Nc3 d5 3. Nf3 Bg4 4. h3 Bxf3 5. Qxf3 e6 6. exd5 exd5 7. d4 Qf6 8.
Qe3+ Qe7 9. Bd3 Qxe3+ 10. Bxe3 Bd6 11. Ne2 Nf6 12. Bf4 Bxf4 13. Nxf4 Nbd7 14.
O-O O-O 1/2-1/2

[Event "Mistrovstvi CR senioru nad 70 a 80 let"]
[Site "?"]
[Date "2017.08.23"]
[Round "5"]
[White "Glembek, Bohumir"]
[Black "Chmelik, Jiri"]
[Result "0-1"]
[WhiteElo "1792"]
[BlackElo "1994"]
[PlyCount "54"]
[EventDate "2017.08.19"]

1. d4 Nf6 2. c4 e6 3. Nc3 c5 4. d5 exd5 5. Nxd5 Nxd5 6. cxd5 g6 7. Bd2 Bg7 8.
Qc2 d6 9. Qe4+ Qe7 10. Qxe7+ Kxe7 11. Rb1 Bf5 12. Rd1 Bxb2 13. Bc1 Bf6 14. Bd2
Bc2 15. f3 Bxd1 16. Kxd1 b5 17. g4 Nd7 18. g5 Bg7 19. e4 Rhb8 20. f4 a5 21. f5
Be5 22. f6+ Kd8 23. h4 h5 24. gxh6 Bxf6 25. h5 b4 26. hxg6 fxg6 27. Nf3 a4 0-1

[Event "Mistrovstvi CR senioru nad 70 a 80 let"]
[Site "?"]
[Date "2017.08.23"]
[Round "5"]
[White "Bakalar, Jan"]
[Black "Pojedziniec, Wladyslaw"]
[Result "1/2-1/2"]
[WhiteElo "1946"]
[BlackElo "1961"]
[PlyCount "27"]
[EventDate "2017.08.19"]

1. b3 e5 2. Bb2 d6 3. g3 Nf6 4. Bg2 g6 5. e3 Bg7 6. Ne2 O-O 7. O-O c5 8. h3 Nc6
9. d4 exd4 10. exd4 Bf5 11. g4 Bd7 12. f4 cxd4 13. Nxd4 Qb6 14. c3 1/2-1/2

[Event "Mistrovstvi CR senioru nad 70 a 80 let"]
[Site "?"]
[Date "2017.08.23"]
[Round "5"]
[White "Mesiarik, Rudolf"]
[Black "Innemann, Frantisek"]
[Result "1-0"]
[WhiteElo "2068"]
[BlackElo "1872"]
[PlyCount "49"]
[EventDate "2017.08.19"]

1. Nf3 d5 2. c4 c6 3. e3 Nf6 4. b3 g6 5. Bb2 Bg7 6. Be2 O-O 7. O-O Nbd7 8. Qc2
Re8 9. d4 Nf8 10. Bd3 Ne6 11. Nc3 Nc7 12. Rac1 dxc4 13. bxc4 b6 14. Ne2 Bb7 15.
e4 e6 16. Ng3 Nd7 17. e5 c5 18. Ne4 Bxe4 19. Bxe4 Rb8 20. Bc6 Qe7 21. d5 Na6
22. a3 Qd8 23. Rcd1 Re7 24. dxe6 fxe6 25. Qa4 1-0

[Event "Mistrovstvi CR senioru nad 70 a 80 let"]
[Site "?"]
[Date "2017.08.23"]
[Round "5"]
[White "Jacek, Miloslav"]
[Black "Biza, Miroslav"]
[Result "1-0"]
[WhiteElo "1980"]
[BlackElo "1718"]
[PlyCount "63"]
[EventDate "2017.08.19"]

1. d4 d5 2. Nf3 Bf5 3. c4 dxc4 4. e3 e6 5. Bxc4 Nf6 6. Qb3 b6 7. Ne5 Bd6 8.
Bb5+ Nfd7 9. Nxd7 Nxd7 10. Bc6 Rb8 11. e4 Bg6 12. Qa4 e5 13. d5 a6 14. Nd2 Qe7
15. O-O a5 16. Re1 Rd8 17. Nc4 Bb4 18. Re3 Bc5 19. Re1 Qh4 20. Be3 Bxe3 21.
Rxe3 Qe7 22. d6 cxd6 23. Nxb6 f5 24. Rc1 O-O 25. Nxd7 Rfe8 26. Nb6 Rf8 27. Bd5+
Kh8 28. exf5 Rxf5 29. Be4 Rf4 30. Nd5 Rxe4 31. Rxe4 Qf7 32. Nc3 1-0

[Event "Mistrovstvi CR senioru nad 70 a 80 let"]
[Site "?"]
[Date "2017.08.23"]
[Round "5"]
[White "Vlasak, Ladislav"]
[Black "Just, Pavel"]
[Result "0-1"]
[WhiteElo "1759"]
[BlackElo "1994"]
[PlyCount "34"]
[EventDate "2017.08.19"]

1. e4 e5 2. Nf3 Nc6 3. Bc4 Nf6 4. Ng5 d5 5. exd5 b5 6. Bf1 Nd4 7. c3 Nxd5 8.
cxd4 Qxg5 9. Bxb5+ Kd8 10. Qf3 Bb7 11. Qxf7 Nf6 12. Rg1 Bd5 13. Qxd5+ Nxd5 14.
Bc6 Nb6 15. Bxa8 Nxa8 16. Nc3 exd4 17. d3 Qh5 0-1

[Event "Mistrovstvi CR senioru nad 70 a 80 let"]
[Site "?"]
[Date "2017.08.24"]
[Round "6"]
[White "Fiser, Jiri"]
[Black "Chmelik, Jiri"]
[Result "0-1"]
[WhiteElo "1901"]
[BlackElo "1994"]
[PlyCount "88"]
[EventDate "2017.08.19"]

1. e4 c5 2. Nf3 d6 3. Bb5+ Nc6 4. O-O Bd7 5. c3 Nf6 6. Re1 a6 7. Ba4 b5 8. Bc2
e5 9. h3 Be7 10. a4 O-O 11. d4 Qc7 12. d5 Na5 13. Nbd2 c4 14. axb5 axb5 15. Nf1
Nb7 16. Bd2 Nc5 17. Ng3 Qb7 18. Rb1 Qc8 19. Kh2 Re8 20. b4 cxb3 21. Bxb3 Nd3
22. Re2 Nf4 23. Bxf4 exf4 24. Nf1 Qxc3 25. Nd4 Bf8 26. f3 Ra3 27. Rc2 Qa5 28.
Nc6 Qa8 29. Qd3 g5 30. Qxb5 h5 31. Qd3 g4 32. hxg4 hxg4 33. Rc3 g3+ 34. Nxg3
fxg3+ 35. Kxg3 Ra1 36. Rcc1 Rxb1 37. Qxb1 Bg7 38. Qd3 Qa3 39. Rh1 Qb2 40. Nd4
Nxe4+ 41. fxe4 Qxd4 42. Qxd4 Bxd4 43. Kf4 Rc8 44. Bd1 Rc1 0-1